[Event "ODJM A 2024"]
[Site "Willingen GER"]
[Date "2024.05.22"]
[Round "5"]
[White "Zobel, Christian"]
[Black "Werner, Florin"]
[Result "1-0"]
[Termination "normal"]
[Board "21"]
[WhiteElo "2013"]
[BlackElo "1893"]
[WhiteClock "00:31:42"]
[BlackClock "00:15:23"]
[PlyCount "67"]
[WhiteFideId "16259068"]
[BlackFideId "16250230"]
[EventCountry "GER"]
[EventRounds "9"]
[EventType "swiss"]
[EventDate "2024.05.18"]

1. e4 {[%clk 01:30:48]} {[%emt 00:00:11]} c5 {[%clk 01:26:20]} {[%emt
00:04:41]} 2. Nf3 {[%clk 01:31:11]} {[%emt 00:00:06]} e6 {[%clk 01:25:52]}
{[%emt 00:00:58]} 3. d4 {[%clk 01:31:33]} {[%emt 00:00:09]} cxd4 {[%clk
01:26:17]} {[%emt 00:00:05]} 4. Nxd4 {[%clk 01:32:00]} {[%emt 00:00:02]} Nf6
{[%clk 01:26:33]} {[%emt 00:00:14]} 5. Nc3 {[%clk 01:32:16]} {[%emt 00:00:14]}
Bb4 {[%clk 01:26:58]} {[%emt 00:00:05]} 6. Ndb5 {[%clk 01:23:55]} {[%emt
00:08:52]} d5 {[%clk 01:26:20]} {[%emt 00:01:07]} 7. exd5 {[%clk 01:18:09]}
{[%emt 00:06:17]} Nxd5 {[%clk 01:24:42]} {[%emt 00:02:08]} 8. Bd2 {[%clk
01:18:02]} {[%emt 00:00:37]} Nxc3 {[%clk 01:18:34]} {[%emt 00:06:38]} 9. Nxc3
{[%clk 01:12:49]} {[%emt 00:05:43]} O-O {[%clk 01:13:50]} {[%emt 00:05:13]} 10.
Bd3 {[%clk 01:11:59]} {[%emt 00:01:20]} e5 {[%clk 01:03:06]} {[%emt 00:11:14]}
11. Qh5 {[%clk 01:06:28]} {[%emt 00:06:00]} f5 {[%clk 01:03:13]} {[%emt
00:00:24]} 12. Bc4+ {[%clk 01:05:34]} {[%emt 00:01:24]} Kh8 {[%clk 01:03:20]}
{[%emt 00:00:23]} 13. O-O-O {[%clk 01:05:35]} {[%emt 00:00:29]} Qd4 {[%clk
00:45:44]} {[%emt 00:18:07]} 14. Qe2 {[%clk 01:03:24]} {[%emt 00:02:40]} Nc6
{[%clk 00:42:59]} {[%emt 00:03:16]} 15. a3 {[%clk 00:49:46]} {[%emt 00:14:08]}
Bxc3 {[%clk 00:39:56]} {[%emt 00:03:33]} 16. Bxc3 {[%clk 00:50:09]} {[%emt
00:00:06]} Qf4+ {[%clk 00:40:17]} {[%emt 00:00:08]} 17. Kb1 {[%clk 00:49:43]}
{[%emt 00:00:57]} Qe4 {[%clk 00:39:08]} {[%emt 00:01:39]} 18. Qf1 {[%clk
00:44:54]} {[%emt 00:05:19]} Re8 {[%clk 00:36:28]} {[%emt 00:03:10]} 19. Rd6
{[%clk 00:40:31]} {[%emt 00:04:53]} Nd4 {[%clk 00:31:39]} {[%emt 00:05:20]} 20.
Bd3 {[%clk 00:37:46]} {[%emt 00:03:15]} Qh4 {[%clk 00:30:38]} {[%emt 00:01:30]}
21. f4 {[%clk 00:36:18]} {[%emt 00:01:57]} Nc6 {[%clk 00:23:30]} {[%emt
00:07:39]} 22. fxe5 {[%clk 00:35:31]} {[%emt 00:01:17]} Nxe5 {[%clk 00:21:17]}
{[%emt 00:02:43]} 23. Qe1 {[%clk 00:35:19]} {[%emt 00:00:42]} Qe7 {[%clk
00:17:45]} {[%emt 00:04:02]} 24. Qxe5 {[%clk 00:35:36]} {[%emt 00:00:13]} Qf8
{[%clk 00:15:57]} {[%emt 00:02:18]} 25. Qd4 {[%clk 00:33:53]} {[%emt 00:02:12]}
Be6 {[%clk 00:15:26]} {[%emt 00:01:01]} 26. Re1 {[%clk 00:33:43]} {[%emt
00:00:41]} Bf7 {[%clk 00:15:10]} {[%emt 00:00:47]} 27. Rxe8 {[%clk 00:33:38]}
{[%emt 00:00:35]} Rxe8 {[%clk 00:15:34]} {[%emt 00:00:05]} 28. Bxf5 {[%clk
00:33:22]} {[%emt 00:00:47]} Bg8 {[%clk 00:15:29]} {[%emt 00:00:35]} 29. Rd7
{[%clk 00:32:37]} {[%emt 00:01:13]} Re7 {[%clk 00:15:05]} {[%emt 00:00:55]} 30.
Rxe7 {[%clk 00:32:09]} {[%emt 00:00:58]} Qxe7 {[%clk 00:15:25]} {[%emt
00:00:10]} 31. b3 {[%clk 00:32:11]} {[%emt 00:00:28]} b5 {[%clk 00:15:06]}
{[%emt 00:00:50]} 32. Kb2 {[%clk 00:32:03]} {[%emt 00:00:37]} a5 {[%clk
00:15:01]} {[%emt 00:00:35]} 33. Bxa5 {[%clk 00:31:50]} {[%emt 00:00:42]} Qg5
{[%clk 00:15:23]} {[%emt 00:00:09]} 34. g4 {[%clk 00:31:42]} {[%emt 00:00:38]}
1-0

[Event "ODJM A 2024"]
[Site "Willingen GER"]
[Date "2024.05.22"]
[Round "5"]
[White "Astner, Sebastian"]
[Black "Schmidt, Boris"]
[Result "1-0"]
[Termination "normal"]
[Board "22"]
[WhiteElo "1930"]
[BlackElo "1918"]
[WhiteClock "00:33:39"]
[BlackClock "00:13:38"]
[PlyCount "51"]
[WhiteFideId "12979422"]
[BlackFideId "16238036"]
[EventCountry "GER"]
[EventRounds "9"]
[EventType "swiss"]
[EventDate "2024.05.18"]

1. d4 {[%clk 01:30:57]} {[%emt 00:00:03]} Nf6 {[%clk 01:30:54]} {[%emt
00:00:06]} 2. Nc3 {[%clk 01:31:23]} {[%emt 00:00:06]} d5 {[%clk 01:31:18]}
{[%emt 00:00:05]} 3. Bf4 {[%clk 01:31:50]} {[%emt 00:00:03]} e6 {[%clk
01:31:40]} {[%emt 00:00:09]} 4. e3 {[%clk 01:32:14]} {[%emt 00:00:06]} Bb4
{[%clk 01:31:51]} {[%emt 00:00:18]} 5. Nge2 {[%clk 01:31:43]} {[%emt 00:01:01]}
Bd7 {[%clk 01:26:23]} {[%emt 00:05:57]} 6. a3 {[%clk 01:28:34]} {[%emt
00:03:41]} Ba5 {[%clk 01:26:32]} {[%emt 00:00:20]} 7. h4 {[%clk 01:25:31]}
{[%emt 00:03:33]} a6 {[%clk 01:09:52]} {[%emt 00:17:10]} 8. h5 {[%clk
01:20:23]} {[%emt 00:05:38]} Ne4 {[%clk 01:05:38]} {[%emt 00:04:44]} 9. b4
{[%clk 01:12:24]} {[%emt 00:08:29]} Nxc3 {[%clk 01:01:47]} {[%emt 00:04:21]}
10. Nxc3 {[%clk 01:12:50]} {[%emt 00:00:05]} Bb6 {[%clk 01:02:11]} {[%emt
00:00:06]} 11. Bd3 {[%clk 01:10:40]} {[%emt 00:02:39]} Nc6 {[%clk 01:01:42]}
{[%emt 00:00:59]} 12. Qg4 {[%clk 01:06:17]} {[%emt 00:04:53]} Kf8 {[%clk
00:49:18]} {[%emt 00:12:54]} 13. Qg3 {[%clk 00:57:37]} {[%emt 00:09:10]} h6
{[%clk 00:40:27]} {[%emt 00:09:21]} 14. O-O {[%clk 00:54:57]} {[%emt 00:03:11]}
Rc8 {[%clk 00:39:26]} {[%emt 00:01:30]} 15. Na4 {[%clk 00:50:36]} {[%emt
00:04:51]} Ba7 {[%clk 00:37:47]} {[%emt 00:02:07]} 16. Nc5 {[%clk 00:48:55]}
{[%emt 00:02:13]} Bxc5 {[%clk 00:38:01]} {[%emt 00:00:16]} 17. bxc5 {[%clk
00:49:21]} {[%emt 00:00:04]} Na5 {[%clk 00:29:10]} {[%emt 00:09:21]} 18. Rab1
{[%clk 00:42:57]} {[%emt 00:06:54]} Bc6 {[%clk 00:29:34]} {[%emt 00:00:05]} 19.
Rfe1 {[%clk 00:37:02]} {[%emt 00:06:26]} Nc4 {[%clk 00:27:59]} {[%emt
00:02:05]} 20. Bxc4 {[%clk 00:35:49]} {[%emt 00:01:43]} dxc4 {[%clk 00:28:25]}
{[%emt 00:00:04]} 21. Rb4 {[%clk 00:36:03]} {[%emt 00:00:16]} Qd5 {[%clk
00:28:50]} {[%emt 00:00:05]} 22. e4 {[%clk 00:36:24]} {[%emt 00:00:09]} Qxh5
{[%clk 00:28:10]} {[%emt 00:01:09]} 23. Bxc7 {[%clk 00:34:44]} {[%emt
00:02:11]} f5 {[%clk 00:21:55]} {[%emt 00:06:45]} 24. d5 {[%clk 00:33:45]}
{[%emt 00:01:28]} exd5 {[%clk 00:13:45]} {[%emt 00:08:41]} 25. exd5 {[%clk
00:33:27]} {[%emt 00:00:48]} Re8 {[%clk 00:13:38]} {[%emt 00:00:37]} 26. Be5
{[%clk 00:33:39]} {[%emt 00:00:18]} 1-0

[Event "ODJM A 2024"]
[Site "Willingen GER"]
[Date "2024.05.22"]
[Round "5"]
[White "Wendt, Felix"]
[Black "Stegert, Jonas"]
[Result "0-1"]
[Termination "normal"]
[Board "23"]
[WhiteElo "1766"]
[BlackElo "1927"]
[WhiteClock "00:24:18"]
[BlackClock "00:04:08"]
[PlyCount "104"]
[WhiteFideId "34663592"]
[BlackFideId "16247965"]
[EventCountry "GER"]
[EventRounds "9"]
[EventType "swiss"]
[EventDate "2024.05.18"]

1. e4 {[%clk 01:30:38]} {[%emt 00:00:22]} e5 {[%clk 01:30:54]} {[%emt
00:00:07]} 2. Nf3 {[%clk 01:30:52]} {[%emt 00:00:16]} Nc6 {[%clk 01:31:19]}
{[%emt 00:00:05]} 3. Bc4 {[%clk 01:30:45]} {[%emt 00:00:37]} Bc5 {[%clk
01:30:51]} {[%emt 00:00:58]} 4. c3 {[%clk 01:30:54]} {[%emt 00:00:21]} Nf6
{[%clk 01:31:16]} {[%emt 00:00:05]} 5. d3 {[%clk 01:31:18]} {[%emt 00:00:06]}
d6 {[%clk 01:31:11]} {[%emt 00:00:35]} 6. h3 {[%clk 01:30:47]} {[%emt
00:01:01]} a6 {[%clk 01:31:00]} {[%emt 00:00:41]} 7. O-O {[%clk 01:31:00]}
{[%emt 00:00:17]} O-O {[%clk 01:31:08]} {[%emt 00:00:22]} 8. Re1 {[%clk
01:30:51]} {[%emt 00:00:38]} h6 {[%clk 01:31:18]} {[%emt 00:00:21]} 9. Nbd2
{[%clk 01:30:59]} {[%emt 00:00:20]} Ba7 {[%clk 01:31:28]} {[%emt 00:00:21]} 10.
Nf1 {[%clk 01:31:13]} {[%emt 00:00:15]} Na5 {[%clk 01:31:46]} {[%emt 00:00:13]}
11. Ng3 {[%clk 01:30:45]} {[%emt 00:00:58]} Nxc4 {[%clk 01:31:20]} {[%emt
00:00:57]} 12. dxc4 {[%clk 01:31:10]} {[%emt 00:00:05]} Be6 {[%clk 01:29:24]}
{[%emt 00:02:26]} 13. b3 {[%clk 01:25:12]} {[%emt 00:06:27]} Kh7 {[%clk
01:22:30]} {[%emt 00:07:24]} 14. Nh2 {[%clk 01:22:02]} {[%emt 00:03:40]} Ng8
{[%clk 01:14:30]} {[%emt 00:08:30]} 15. Be3 {[%clk 01:15:50]} {[%emt 00:06:43]}
Bxe3 {[%clk 01:13:21]} {[%emt 00:01:39]} 16. Rxe3 {[%clk 01:16:16]} {[%emt
00:00:03]} g6 {[%clk 01:11:56]} {[%emt 00:01:55]} 17. Rd3 {[%clk 01:14:00]}
{[%emt 00:02:46]} Qe7 {[%clk 00:59:17]} {[%emt 00:13:09]} 18. Qd2 {[%clk
01:10:41]} {[%emt 00:03:49]} Rae8 {[%clk 00:55:55]} {[%emt 00:03:53]} 19. Re1
{[%clk 01:03:24]} {[%emt 00:07:46]} Nf6 {[%clk 00:53:44]} {[%emt 00:02:40]} 20.
f4 {[%clk 01:00:04]} {[%emt 00:03:51]} exf4 {[%clk 00:53:31]} {[%emt 00:00:44]}
21. Qxf4 {[%clk 00:58:54]} {[%emt 00:01:39]} Nd7 {[%clk 00:52:58]} {[%emt
00:01:04]} 22. Nf3 {[%clk 00:58:17]} {[%emt 00:01:06]} f6 {[%clk 00:50:32]}
{[%emt 00:02:56]} 23. Rdd1 {[%clk 00:38:33]} {[%emt 00:20:14]} Bf7 {[%clk
00:40:12]} {[%emt 00:10:50]} 24. Nd4 {[%clk 00:35:44]} {[%emt 00:03:19]} Qe5
{[%clk 00:39:35]} {[%emt 00:01:07]} 25. Qf2 {[%clk 00:30:11]} {[%emt 00:05:50]}
Qc5 {[%clk 00:21:42]} {[%emt 00:18:35]} 26. Kh1 {[%clk 00:28:36]} {[%emt
00:02:06]} Re5 {[%clk 00:18:39]} {[%emt 00:03:34]} 27. Qd2 {[%clk 00:27:14]}
{[%emt 00:01:51]} Rfe8 {[%clk 00:15:58]} {[%emt 00:03:12]} 28. Rf1 {[%clk
00:27:32]} {[%emt 00:00:11]} Rg5 {[%clk 00:15:09]} {[%emt 00:01:19]} 29. Qf4
{[%clk 00:26:18]} {[%emt 00:01:44]} Qe5 {[%clk 00:14:34]} {[%emt 00:01:05]} 30.
Kh2 {[%clk 00:25:11]} {[%emt 00:01:37]} Qxf4 {[%clk 00:13:59]} {[%emt
00:01:05]} 31. Rxf4 {[%clk 00:25:37]} {[%emt 00:00:04]} Rge5 {[%clk 00:13:49]}
{[%emt 00:00:39]} 32. Rdf1 {[%clk 00:25:42]} {[%emt 00:00:26]} Kg7 {[%clk
00:13:28]} {[%emt 00:00:51]} 33. Nc2 {[%clk 00:20:55]} {[%emt 00:05:16]} Bg8
{[%clk 00:09:35]} {[%emt 00:04:23]} 34. Ne3 {[%clk 00:19:30]} {[%emt 00:01:55]}
f5 {[%clk 00:05:13]} {[%emt 00:04:53]} 35. h4 {[%clk 00:05:59]} {[%emt
00:14:01]} fxe4 {[%clk 00:02:35]} {[%emt 00:03:08]} 36. h5 {[%clk 00:05:57]}
{[%emt 00:00:32]} gxh5 {[%clk 00:01:38]} {[%emt 00:01:28]} 37. Nef5+ {[%clk
00:05:51]} {[%emt 00:00:35]} Kh7 {[%clk 00:01:24]} {[%emt 00:00:44]} 38. Nxh5
{[%clk 00:05:28]} {[%emt 00:00:53]} e3 {[%clk 00:01:14]} {[%emt 00:00:40]} 39.
Re1 {[%clk 00:05:27]} {[%emt 00:00:31]} e2 {[%clk 00:00:41]} {[%emt 00:01:04]}
40. Nfg3 {[%clk 00:01:39]} {[%emt 00:04:17]} Kh8 {[%clk 00:00:35]} {[%emt
00:00:36]} 41. b4 {[%clk 00:01:21]} {[%emt 00:00:49]} Rf8 {[%clk 00:22:36]}
{[%emt 00:08:28]} 42. Rg4 {[%clk 00:30:03]} {[%emt 00:01:44]} Nb6 {[%clk
00:10:05]} {[%emt 00:13:05]} 43. Rg6 {[%clk 00:29:37]} {[%emt 00:00:56]} Bxc4
{[%clk 00:07:50]} {[%emt 00:02:45]} 44. Rxh6+ {[%clk 00:29:28]} {[%emt
00:00:38]} Kg8 {[%clk 00:08:12]} {[%emt 00:00:08]} 45. Rg6+ {[%clk 00:29:13]}
{[%emt 00:00:46]} Kf7 {[%clk 00:08:23]} {[%emt 00:00:19]} 46. Rg7+ {[%clk
00:29:12]} {[%emt 00:00:30]} Ke8 {[%clk 00:08:44]} {[%emt 00:00:10]} 47. Rxc7
{[%clk 00:29:31]} {[%emt 00:00:10]} Rh8 {[%clk 00:07:58]} {[%emt 00:01:16]} 48.
Rxb7 {[%clk 00:29:41]} {[%emt 00:00:21]} Rhxh5+ {[%clk 00:07:49]} {[%emt
00:00:39]} 49. Nxh5 {[%clk 00:30:06]} {[%emt 00:00:06]} Rxh5+ {[%clk 00:08:08]}
{[%emt 00:00:10]} 50. Kg3 {[%clk 00:30:08]} {[%emt 00:00:27]} Nd5 {[%clk
00:06:40]} {[%emt 00:01:59]} 51. Kg4 {[%clk 00:29:22]} {[%emt 00:03:32]} Re5
{[%clk 00:06:34]} {[%emt 00:00:04]} 52. a4 {[%clk 00:24:18]} {[%emt 00:03:50]}
Kd8 {[%clk 00:04:08]} {[%emt 00:02:55]} 0-1

[Event "ODJM A 2024"]
[Site "Willingen GER"]
[Date "2024.05.22"]
[Round "5"]
[White "Hoffmann, Alexander"]
[Black "Schulz, Dennis"]
[Result "0-1"]
[Termination "normal"]
[Board "24"]
[WhiteElo "1901"]
[BlackElo "1959"]
[WhiteClock "00:27:09"]
[BlackClock "00:48:40"]
[PlyCount "46"]
[WhiteFideId "16240219"]
[BlackFideId "16241231"]
[EventCountry "GER"]
[EventRounds "9"]
[EventType "swiss"]
[EventDate "2024.05.18"]

1. c4 {[%clk 01:30:57]} {[%emt 00:00:02]} c5 {[%clk 01:30:59]} {[%emt
00:00:02]} 2. Nf3 {[%clk 01:30:19]} {[%emt 00:01:08]} Nf6 {[%clk 01:31:23]}
{[%emt 00:00:05]} 3. Nc3 {[%clk 01:28:06]} {[%emt 00:02:44]} Nc6 {[%clk
01:30:46]} {[%emt 00:01:07]} 4. g3 {[%clk 01:26:52]} {[%emt 00:01:44]} b6
{[%clk 01:30:40]} {[%emt 00:00:37]} 5. Bg2 {[%clk 01:26:37]} {[%emt 00:00:44]}
Bb7 {[%clk 01:31:01]} {[%emt 00:00:09]} 6. O-O {[%clk 01:25:58]} {[%emt
00:01:09]} e6 {[%clk 01:28:37]} {[%emt 00:02:54]} 7. d4 {[%clk 01:18:51]}
{[%emt 00:07:37]} Nxd4 {[%clk 01:25:09]} {[%emt 00:03:58]} 8. Nxd4 {[%clk
01:18:24]} {[%emt 00:00:57]} Bxg2 {[%clk 01:25:33]} {[%emt 00:00:06]} 9. Nxe6
{[%clk 01:17:02]} {[%emt 00:01:53]} fxe6 {[%clk 01:23:29]} {[%emt 00:02:34]}
10. Kxg2 {[%clk 01:17:20]} {[%emt 00:00:11]} d5 {[%clk 01:23:25]} {[%emt
00:00:35]} 11. Qa4+ {[%clk 01:11:37]} {[%emt 00:06:12]} Qd7 {[%clk 01:22:12]}
{[%emt 00:01:42]} 12. Nb5 {[%clk 01:03:51]} {[%emt 00:08:17]} Kf7 {[%clk
01:18:55]} {[%emt 00:03:47]} 13. Bf4 {[%clk 00:58:06]} {[%emt 00:06:15]} a6
{[%clk 01:16:47]} {[%emt 00:02:39]} 14. Nc3 {[%clk 00:46:02]} {[%emt 00:12:33]}
Qb7 {[%clk 01:11:13]} {[%emt 00:06:03]} 15. f3 {[%clk 00:40:24]} {[%emt
00:06:09]} d4 {[%clk 01:09:31]} {[%emt 00:02:12]} 16. Nd1 {[%clk 00:39:08]}
{[%emt 00:01:46]} Nd7 {[%clk 01:07:36]} {[%emt 00:02:24]} 17. Nf2 {[%clk
00:36:03]} {[%emt 00:03:35]} e5 {[%clk 01:03:34]} {[%emt 00:04:34]} 18. Bg5
{[%clk 00:36:25]} {[%emt 00:00:07]} h6 {[%clk 01:03:33]} {[%emt 00:00:31]} 19.
Bd2 {[%clk 00:36:48]} {[%emt 00:00:07]} Be7 {[%clk 01:01:13]} {[%emt 00:02:50]}
20. Qc2 {[%clk 00:34:57]} {[%emt 00:02:21]} Rhf8 {[%clk 00:58:40]} {[%emt
00:03:03]} 21. Qf5+ {[%clk 00:32:10]} {[%emt 00:03:17]} Bf6 {[%clk 00:49:04]}
{[%emt 00:10:05]} 22. Ne4 {[%clk 00:28:12]} {[%emt 00:04:28]} Qc6 {[%clk
00:48:54]} {[%emt 00:00:40]} 23. g4 {[%clk 00:27:09]} {[%emt 00:01:34]} g6
{[%clk 00:48:40]} 0-1

[Event "ODJM A 2024"]
[Site "Willingen GER"]
[Date "2024.05.22"]
[Round "5"]
[White "Gröschel, Karoline"]
[Black "Jansen, Malte"]
[Result "1-0"]
[Termination "normal"]
[Board "25"]
[WhiteElo "1952"]
[BlackElo "1835"]
[WhiteClock "00:03:21"]
[BlackClock "00:18:06"]
[PlyCount "132"]
[WhiteFideId "34610537"]
[BlackFideId "16295137"]
[EventCountry "GER"]
[EventRounds "9"]
[EventType "swiss"]
[EventDate "2024.05.18"]

1. e4 {[%clk 01:30:57]} {[%emt 00:00:02]} e5 {[%clk 01:30:49]} {[%emt
00:00:11]} 2. Nf3 {[%clk 01:31:15]} {[%emt 00:00:12]} Nc6 {[%clk 01:30:57]}
{[%emt 00:00:22]} 3. Bb5 {[%clk 01:31:39]} {[%emt 00:00:06]} a6 {[%clk
01:31:05]} {[%emt 00:00:22]} 4. Ba4 {[%clk 01:32:05]} {[%emt 00:00:04]} Nf6
{[%clk 01:31:10]} {[%emt 00:00:24]} 5. O-O {[%clk 01:32:30]} {[%emt 00:00:06]}
Be7 {[%clk 01:31:05]} {[%emt 00:00:35]} 6. Re1 {[%clk 01:32:52]} {[%emt
00:00:08]} b5 {[%clk 01:31:03]} {[%emt 00:00:32]} 7. Bb3 {[%clk 01:33:20]}
{[%emt 00:00:03]} O-O {[%clk 01:30:19]} {[%emt 00:01:14]} 8. d4 {[%clk
01:33:39]} {[%emt 00:00:11]} d6 {[%clk 01:29:02]} {[%emt 00:01:47]} 9. c3
{[%clk 01:34:05]} {[%emt 00:00:04]} Re8 {[%clk 01:27:22]} {[%emt 00:02:10]} 10.
h3 {[%clk 01:30:01]} {[%emt 00:04:35]} h6 {[%clk 01:24:33]} {[%emt 00:03:19]}
11. Nbd2 {[%clk 01:29:41]} {[%emt 00:00:50]} Bf8 {[%clk 01:21:13]} {[%emt
00:03:50]} 12. a4 {[%clk 01:29:06]} {[%emt 00:01:05]} Bb7 {[%clk 01:18:23]}
{[%emt 00:03:19]} 13. Bc2 {[%clk 01:29:27]} {[%emt 00:00:09]} Na5 {[%clk
01:04:21]} {[%emt 00:14:32]} 14. b3 {[%clk 01:13:39]} {[%emt 00:16:18]} c5
{[%clk 00:51:30]} {[%emt 00:13:21]} 15. d5 {[%clk 01:13:58]} {[%emt 00:00:11]}
b4 {[%clk 00:50:46]} {[%emt 00:01:14]} 16. cxb4 {[%clk 01:08:32]} {[%emt
00:05:56]} cxb4 {[%clk 00:51:05]} {[%emt 00:00:10]} 17. Nf1 {[%clk 01:08:53]}
{[%emt 00:00:09]} Bc8 {[%clk 00:49:23]} {[%emt 00:02:13]} 18. Ne3 {[%clk
01:06:46]} {[%emt 00:02:36]} Nb7 {[%clk 00:46:28]} {[%emt 00:03:25]} 19. Nc4
{[%clk 01:03:56]} {[%emt 00:03:19]} a5 {[%clk 00:46:06]} {[%emt 00:00:53]} 20.
Be3 {[%clk 01:02:23]} {[%emt 00:02:03]} Nd7 {[%clk 00:45:12]} {[%emt 00:01:24]}
21. Rc1 {[%clk 00:58:27]} {[%emt 00:04:26]} Nbc5 {[%clk 00:42:38]} {[%emt
00:03:05]} 22. Bb1 {[%clk 00:55:28]} {[%emt 00:03:29]} Ba6 {[%clk 00:41:22]}
{[%emt 00:01:46]} 23. Nfd2 {[%clk 00:50:32]} {[%emt 00:05:26]} Rc8 {[%clk
00:36:41]} {[%emt 00:05:10]} 24. f4 {[%clk 00:44:59]} {[%emt 00:06:03]} Bxc4
{[%clk 00:34:42]} {[%emt 00:02:29]} 25. Nxc4 {[%clk 00:44:36]} {[%emt
00:00:54]} g6 {[%clk 00:31:37]} {[%emt 00:03:34]} 26. Bc2 {[%clk 00:42:51]}
{[%emt 00:02:15]} Nxa4 {[%clk 00:27:56]} {[%emt 00:04:11]} 27. Ra1 {[%clk
00:41:26]} {[%emt 00:01:55]} Nc3 {[%clk 00:27:16]} {[%emt 00:01:09]} 28. Qd2
{[%clk 00:41:51]} {[%emt 00:00:05]} a4 {[%clk 00:21:34]} {[%emt 00:06:13]} 29.
fxe5 {[%clk 00:37:39]} {[%emt 00:04:42]} axb3 {[%clk 00:21:18]} {[%emt
00:00:46]} 30. Bxb3 {[%clk 00:36:58]} {[%emt 00:01:11]} Nxe5 {[%clk 00:21:27]}
{[%emt 00:00:21]} 31. Nxe5 {[%clk 00:28:31]} {[%emt 00:08:56]} Rxe5 {[%clk
00:21:32]} {[%emt 00:00:24]} 32. Bxh6 {[%clk 00:28:02]} {[%emt 00:00:59]} Nxe4
{[%clk 00:17:41]} {[%emt 00:04:21]} 33. Qf4 {[%clk 00:25:51]} {[%emt 00:02:41]}
Bxh6 {[%clk 00:14:23]} {[%emt 00:03:49]} 34. Qxh6 {[%clk 00:26:16]} {[%emt
00:00:05]} Qb6+ {[%clk 00:13:41]} {[%emt 00:01:12]} 35. Kh2 {[%clk 00:25:57]}
{[%emt 00:00:49]} Qf2 {[%clk 00:13:17]} {[%emt 00:00:53]} 36. Qe3 {[%clk
00:24:04]} {[%emt 00:02:24]} Qxe3 {[%clk 00:10:46]} {[%emt 00:03:01]} 37. Rxe3
{[%clk 00:24:29]} {[%emt 00:00:05]} Rc3 {[%clk 00:10:39]} {[%emt 00:00:36]} 38.
Rae1 {[%clk 00:24:18]} {[%emt 00:00:42]} f6 {[%clk 00:08:48]} {[%emt 00:02:21]}
39. Rxe4 {[%clk 00:18:31]} {[%emt 00:06:17]} Rxb3 {[%clk 00:08:57]} {[%emt
00:00:20]} 40. Rxe5 {[%clk 00:15:30]} {[%emt 00:03:31]} fxe5 {[%clk 00:09:00]}
{[%emt 00:00:27]} 41. Re4 {[%clk 00:14:13]} {[%emt 00:01:46]} Kg7 {[%clk
00:08:50]} {[%emt 00:00:41]} 42. g4 {[%clk 00:13:15]} {[%emt 00:01:28]} g5
{[%clk 00:08:41]} {[%emt 00:00:39]} 43. Rc4 {[%clk 00:12:55]} {[%emt 00:00:51]}
Rd3 {[%clk 00:08:04]} {[%emt 00:01:07]} 44. Rxb4 {[%clk 00:10:37]} {[%emt
00:02:49]} Rxd5 {[%clk 00:08:19]} {[%emt 00:00:14]} 45. Kg2 {[%clk 00:07:29]}
{[%emt 00:03:37]} Rd3 {[%clk 00:06:48]} {[%emt 00:02:02]} 46. Rb7+ {[%clk
00:05:51]} {[%emt 00:02:08]} Kf6 {[%clk 00:06:57]} {[%emt 00:00:21]} 47. Rb8
{[%clk 00:06:18]} {[%emt 00:00:04]} e4 {[%clk 00:05:56]} {[%emt 00:01:30]} 48.
Rf8+ {[%clk 00:05:55]} {[%emt 00:00:53]} Ke5 {[%clk 00:06:11]} {[%emt
00:00:15]} 49. Rf5+ {[%clk 00:06:15]} {[%emt 00:00:09]} Kd4 {[%clk 00:05:54]}
{[%emt 00:00:48]} 50. Rxg5 {[%clk 00:06:33]} {[%emt 00:00:12]} Ke3 {[%clk
00:05:29]} {[%emt 00:00:55]} 51. Rf5 {[%clk 00:05:47]} {[%emt 00:01:17]} Kd2
{[%clk 00:03:35]} {[%emt 00:02:24]} 52. Rf2+ {[%clk 00:03:40]} {[%emt
00:02:37]} Kc3 {[%clk 00:01:35]} {[%emt 00:02:30]} 53. g5 {[%clk 00:22:39]}
{[%emt 00:11:31]} Rd5 {[%clk 00:26:40]} {[%emt 00:05:24]} 54. h4 {[%clk
00:22:22]} {[%emt 00:00:48]} e3 {[%clk 00:26:52]} {[%emt 00:00:18]} 55. g6
{[%clk 00:12:52]} {[%emt 00:12:01]} Rd2 {[%clk 00:22:57]} {[%emt 00:02:24]} 56.
g7 {[%clk 00:11:46]} {[%emt 00:01:36]} Rxf2+ {[%clk 00:23:21]} {[%emt
00:00:06]} 57. Kg1 {[%clk 00:11:21]} {[%emt 00:00:55]} e2 {[%clk 00:23:08]}
{[%emt 00:00:43]} 58. Kxf2 {[%clk 00:11:24]} {[%emt 00:00:28]} Kd2 {[%clk
00:23:24]} {[%emt 00:00:13]} 59. g8=Q {[%clk 00:10:50]} {[%emt 00:01:03]} e1=Q
{[%clk 00:23:38]} {[%emt 00:00:16]} 60. Kf3 {[%clk 00:08:56]} {[%emt 00:02:25]}
Qf1+ {[%clk 00:20:29]} {[%emt 00:03:39]} 61. Ke4 {[%clk 00:08:08]} {[%emt
00:01:17]} Qe2+ {[%clk 00:20:27]} {[%emt 00:00:31]} 62. Kd5 {[%clk 00:05:23]}
{[%emt 00:03:16]} Qe5+ {[%clk 00:18:42]} {[%emt 00:02:15]} 63. Kc6 {[%clk
00:03:57]} {[%emt 00:01:56]} Qc5+ {[%clk 00:18:55]} {[%emt 00:00:17]} 64. Kd7
{[%clk 00:03:41]} {[%emt 00:00:47]} Qf5+ {[%clk 00:17:17]} {[%emt 00:02:08]}
65. Qe6 {[%clk 00:03:00]} {[%emt 00:01:11]} Qxe6+ {[%clk 00:17:39]} {[%emt
00:00:08]} 66. Kxe6 {[%clk 00:03:21]} {[%emt 00:00:09]} Ke2 {[%clk 00:18:06]}
{[%emt 00:00:03]} 1-0